Statistics for Cars That Only I Know

Click here to take the quiz!

General Stats

  • This quiz has been taken 789 times
  • The average score is 7 of 15

Answer Stats

Hint Make % Correct
FFord
83%
NNissan
78%
FFerrari
75%
VVolvo
70%
FFiat
60%
JJaguar
54%
LLamborghini
53%
BBugatti
50%
RRenault
48%
BBMW
45%
SSeat
42%
VVauxhall
31%
PPeugeot
30%
CCitreon
15%
SSmart
7%

Score Distribution

Percentile by Number Answered

Percent of People with Each Score

Your Score History

You have not taken this quiz